Světový pojistný trh v roce 2002

Vývoj poistného trhu v roku 2002. Ročný rast predpísaného poistného na svetovom poistnom trhu v rokoch 1990 až 2002. Poistné v jednotlivých oblastiach sveta v roku 2002. Poistný trh v Severnej Amerike. Poistný trh v krajiných západnej Európy. Stagnujúca ekonomika v Japonsku a jej vplyv na poistný tr...

ver descrição completa

Na minha lista:
Detalhes bibliográficos
Autor principal: Ducháčková, Eva
Formato: Capítulo de Livro
Idioma:tcheco
Assuntos:
Tags: Adicionar Tag
Sem tags, seja o primeiro a adicionar uma tag!

MARC

LEADER 00000naa$a2200000$$$4500
001 0007008
005 20230927101219.6
041 0 |a cze 
044 |a CZ 
245 1 0 |a Světový pojistný trh v roce 2002  |c Eva Ducháčková 
520 |a Vývoj poistného trhu v roku 2002. Ročný rast predpísaného poistného na svetovom poistnom trhu v rokoch 1990 až 2002. Poistné v jednotlivých oblastiach sveta v roku 2002. Poistný trh v Severnej Amerike. Poistný trh v krajiných západnej Európy. Stagnujúca ekonomika v Japonsku a jej vplyv na poistný trh. Oblasť Oceánie. Situácia poistných trhov v Latinskej Amerike, v Afrike, v Ázii a v strednej a východnej Európe. 
610 2 0 |a poisťovníctvo 
610 2 0 |a trh poistný 
610 2 0 |a poistenie neživotné 
610 2 0 |a poistenie povinné 
610 2 0 |a poistenie životné 
610 2 0 |a Amerika 
610 2 0 |a Európa 
610 2 0 |a Ázia 
610 2 0 |a Afrika 
610 2 0 |a Oceánia 
610 2 0 |a vývoj 
610 2 0 |a 2002 
100 1 |a Ducháčková, Eva